[Event "COL-ch U26"]
[Site "Cali"]
[Date "2022.09.30"]
[Round "5"]
[White "Marquez Velez, Juan Diego"]
[Black "Nieto Restrepo, Jaime Andres"]
[Result "1-0"]
[WhiteElo "1945"]
[BlackElo "1580"]
[PlyCount "71"]
[EventDate "2022.09.28"]
[EventType "swiss"]
[EventRounds "6"]
[EventCountry "COL"]
[SourceTitle "CBM 210 Extra"]
[Source "ChessBase"]
[SourceDate "2022.11.30"]
[SourceVersion "1"]
[SourceVersionDate "2022.11.30"]
[SourceQuality "1"]

1. c4 g6 2. g3 Bg7 3. Bg2 e5 4. Nc3 d6 5. Nf3 Nc6 6. d3 f5 7. h4 h6 8. Be3 Nf6 9. Nh2 0-0 10. Qd2 Kh7 11. Nd5 a5 12. Rb1 Be6 13. 0-0 Bxd5 14. cxd5 Nb4 15. d4 e4 16. a3 Nbxd5 17. Bh3 c6 18. b4 axb4 19. axb4 Ra3 20. Rfc1 Nxe3 21. fxe3 Nd5 22. Nf1 g5 23. b5 f4 24. bxc6 bxc6 25. Rxc6 Qf6 26. Qc2 Re8 27. Rc8 Re7 28. Rb7 g4 29. Rxe7 Nxe7 30. Qxe4+ Qg6 31. Qxe7 gxh3 32. Qd8 Qe4 33. Qg8+ Kg6 34. h5+ Kxh5 35. Qf7+ Qg6 36. g4+ 1-0

[Event "COL-ch U16 m sf3"]
[Site "Pereira"]
[Date "2016.05.30"]
[Round "6.6"]
[White "Arenas Betancur, German Steven"]
[Black "Nieto Restrepo, Jaime Andres"]
[Result "0-1"]
[WhiteElo "1580"]
[BlackElo "1539"]
[PlyCount "74"]
[EventDate "2016.05.27"]
[EventType "swiss"]
[EventRounds "6"]
[EventCountry "COL"]
[SourceTitle "EXT 2024"]
[Source "ChessBase"]
[SourceDate "2023.10.10"]
[SourceVersion "1"]
[SourceVersionDate "2023.10.10"]
[SourceQuality "1"]

1. e4 e5 2. Nf3 Nc6 3. g3 Nf6 4. Bg2 Bc5 5. d3 0-0 6. 0-0 h6 7. a3 a6 8. Nbd2 d6 9. b4 Ba7 10. Bb2 Be6 11. Nc4 Bxc4 12. dxc4 Nxe4 13. Nh4 Nf6 14. Kh1 Qd7 15. f4 Ng4 16. Qe2 Rae8 17. f5 Ne3 18. f6 g6 19. Bc1 Nxg2 20. Kxg2 Nd4 21. Qe4 Kh7 22. Nxg6 fxg6 23. Qh4 h5 24. Qg5 Qc6+ 25. Kh3 Qd7+ 26. Kh4 Qg4+ 27. Qxg4 hxg4 28. Kxg4 Nf5 29. Bg5 Ne3+ 30. Bxe3 Bxe3 31. Rf3 Bh6 32. h4 Rf7 33. Kh3 Re6 34. Raf1 e4 35. R3f2 e3 36. Rf3 e2 37. Re1 Bd2 0-1

[Event "COL-ch U16 m sf3"]
[Site "Pereira"]
[Date "2016.05.29"]
[Round "4.1"]
[White "Oliveros, Camilo"]
[Black "Nieto Restrepo, Jaime Andres"]
[Result "1-0"]
[WhiteElo "1990"]
[BlackElo "1539"]
[PlyCount "79"]
[EventDate "2016.05.27"]
[EventType "swiss"]
[EventRounds "6"]
[EventCountry "COL"]
[SourceTitle "EXT 2024"]
[Source "ChessBase"]
[SourceDate "2023.10.10"]
[SourceVersion "1"]
[SourceVersionDate "2023.10.10"]
[SourceQuality "1"]

1. e4 c5 2. Nf3 d6 3. d4 cxd4 4. Nxd4 Nf6 5. Nc3 a6 6. h3 e5 7. Nb3 Be6 8. g4 h6 9. Be3 Be7 10. Bg2 Qc7 11. Qd2 Nbd7 12. f4 b5 13. Qf2 0-0 14. 0-0-0 Rfc8 15. f5 Bxb3 16. axb3 Qa5 17. Kb1 Nc5 18. Nd5 Nxd5 19. Rxd5 Qb4 20. Bd2 Nxe4 21. Bxb4 Nxf2 22. Rf1 Bh4 23. Be1 Nxh3 24. Bxh3 Bxe1 25. Rxe1 Rd8 26. Red1 e4 27. Re1 Re8 28. Bg2 Rad8 29. Rxe4 Rxe4 30. Bxe4 Kf8 31. c4 bxc4 32. bxc4 Ke7 33. Ra5 Rc8 34. Bd5 g6 35. Rxa6 gxf5 36. Ra7+ Kf6 37. Rxf7+ Kg6 38. gxf5+ Kg5 39. Be6 h5 40. Bxc8 1-0

[Event "COL-ch U16 m sf3"]
[Site "Pereira"]
[Date "2016.05.28"]
[Round "2.6"]
[White "Nieto Restrepo, Jaime Andres"]
[Black "Lopez Guarin, Simon"]
[Result "1-0"]
[WhiteElo "1539"]
[BlackElo "1556"]
[PlyCount "95"]
[EventDate "2016.05.27"]
[EventType "swiss"]
[EventRounds "6"]
[EventCountry "COL"]
[SourceTitle "EXT 2024"]
[Source "ChessBase"]
[SourceDate "2023.10.10"]
[SourceVersion "1"]
[SourceVersionDate "2023.10.10"]
[SourceQuality "1"]

1. d4 Nf6 2. c4 e6 3. Nc3 Bb4 4. Bg5 Bxc3+ 5. bxc3 0-0 6. Nf3 d6 7. e3 b6 8. Bd3 Bb7 9. a4 Nbd7 10. a5 h6 11. Bh4 Re8 12. a6 Bc6 13. 0-0 Qc8 14. Qc2 Bxf3 15. gxf3 e5 16. Bf5 g5 17. Bg3 Re7 18. h4 Qe8 19. hxg5 hxg5 20. Kg2 e4 21. fxe4 Nxe4 22. Rh1 Nf8 23. Rh5 f6 24. Rah1 Ng6 25. Rh6 Nh4+ 26. Bxh4 gxh4 27. Rg6+ Rg7 28. Rxg7+ Kxg7 29. Qxe4 Qxe4+ 30. Bxe4 Rh8 31. Kh3 Rh5 32. Rg1+ Kf8 33. Bd5 b5 34. Rg8+ Ke7 35. Ra8 bxc4 36. Bxc4 Ra5 37. Rxa7 Kd7 38. Kxh4 Kc6 39. Kg3 d5 40. Be2 Kb6 41. Rb7+ Kc6 42. Kf4 Ra2 43. Bb5+ Kd6 44. f3 c6 45. Rb6 Rb2 46. Rxc6+ Kd7 47. a7 Ra2 48. Ra6+ 1-0

[Event "COL-ch U16 m sf1"]
[Site "Ibague"]
[Date "2016.04.15"]
[Round "2.8"]
[White "Herrera C, Carlos Stiven"]
[Black "Nieto Restrepo, Jaime Andres"]
[Result "0-1"]
[WhiteElo "1360"]
[BlackElo "1528"]
[PlyCount "44"]
[EventDate "2016.04.14"]
[EventType "swiss"]
[EventRounds "6"]
[EventCountry "COL"]
[SourceTitle "EXT 2024"]
[Source "ChessBase"]
[SourceDate "2023.10.10"]
[SourceVersion "1"]
[SourceVersionDate "2023.10.10"]
[SourceQuality "1"]

1. e4 c5 2. Nf3 d6 3. d4 cxd4 4. Nxd4 Nf6 5. Nc3 a6 6. Bd3 g6 7. 0-0 Bg7 8. Be3 0-0 9. Qd2 Ng4 10. h3 Nxe3 11. fxe3 Nc6 12. Nb3 Be6 13. Rf3 b5 14. Raf1 Ne5 15. R3f2 Qb6 16. Nd5 Bxd5 17. exd5 Bh6 18. Re2 f5 19. Kh1 f4 20. exf4 Rxf4 21. Qc3 b4 22. Qe1 Raf8 0-1

[Event "Manizales Castro Memorial"]
[Site "Manizales"]
[Date "2015.12.19"]
[Round "4"]
[White "Chisco, Juan Esteban"]
[Black "Nieto Restrepo, Jaime Andres"]
[Result "1/2-1/2"]
[WhiteElo "1336"]
[BlackElo "1604"]
[PlyCount "29"]
[EventDate "2015.12.17"]
[EventType "swiss"]
[EventRounds "7"]
[EventCountry "COL"]
[SourceTitle "CBM 170 Extra"]
[Source "ChessBase"]
[SourceDate "2016.02.25"]
[SourceVersion "1"]
[SourceVersionDate "2016.02.25"]
[SourceQuality "1"]

1. e4 c5 2. Nf3 d6 3. g3 Nf6 4. d3 e5 5. Bg2 Be7 6. c3 0-0 7. 0-0 Nc6 8. Nbd2 Re8 9. Re1 Bg4 10. Nf1 Qd7 11. Ne3 h5 12. Nxg4 hxg4 13. Nh4 g6 14. f3 gxf3 15. Qxf3 1/2-1/2

[Event "Manizales Castro Memorial"]
[Site "Manizales"]
[Date "2015.12.18"]
[Round "3"]
[White "Nieto Restrepo, Jaime Andres"]
[Black "Jaramillo, Amparo"]
[Result "1-0"]
[WhiteElo "1604"]
[BlackElo "1457"]
[PlyCount "95"]
[EventDate "2015.12.17"]
[EventType "swiss"]
[EventRounds "7"]
[EventCountry "COL"]
[SourceTitle "CBM 170 Extra"]
[Source "ChessBase"]
[SourceDate "2016.02.25"]
[SourceVersion "1"]
[SourceVersionDate "2016.02.25"]
[SourceQuality "1"]

1. d4 d5 2. c4 e6 3. Nc3 Nf6 4. Nf3 a6 5. e3 dxc4 6. Bxc4 c5 7. 0-0 cxd4 8. exd4 Be7 9. Re1 0-0 10. Bb3 b5 11. Ne5 Bb4 12. Bg5 h6 13. Qf3 Ra7 14. Bxf6 Qxf6 15. Qxf6 gxf6 16. Nd3 Be7 17. d5 e5 18. Rad1 Rd7 19. Re3 Kh8 20. Rh3 Kh7 21. Bc2 Kg7 22. Ne1 Rh8 23. Ne4 Rdd8 24. Rg3+ Kf8 25. d6 Bxd6 26. Rxd6 Rxd6 27. Nxd6 Be6 28. a4 Ke7 29. Ne4 Nd7 30. axb5 axb5 31. Bb3 f5 32. Bxe6 Kxe6 33. Nc3 b4 34. Na4 f4 35. Rb3 Rb8 36. Nd3 Kf5 37. Rxb4 Rxb4 38. Nxb4 h5 39. f3 e4 40. fxe4+ Kxe4 41. Kf2 h4 42. Nc3+ Kf5 43. Nd3 Nf6 44. h3 Nh5 45. b4 Ke6 46. Kf3 Kd6 47. Nxf4 Nxf4 48. Kxf4 1-0

[Event "Manizales Castro Memorial"]
[Site "Manizales"]
[Date "2015.12.17"]
[Round "1"]
[White "Nieto Restrepo, Jaime Andres"]
[Black "Hernandez Pinzon, Helvert"]
[Result "0-1"]
[WhiteElo "1604"]
[BlackElo "1992"]
[PlyCount "134"]
[EventDate "2015.12.17"]
[EventType "swiss"]
[EventRounds "7"]
[EventCountry "COL"]
[SourceTitle "CBM 170 Extra"]
[Source "ChessBase"]
[SourceDate "2016.02.25"]
[SourceVersion "1"]
[SourceVersionDate "2016.02.25"]
[SourceQuality "1"]

1. d4 Nf6 2. c4 e6 3. Nc3 d5 4. Bg5 c6 5. cxd5 exd5 6. e3 Be7 7. Nf3 0-0 8. Bd3 Bg4 9. h3 Bh5 10. 0-0 Re8 11. Bf4 Bd6 12. Bxd6 Qxd6 13. Rc1 Nbd7 14. Be2 Ne4 15. Nxe4 dxe4 16. Nd2 Bg6 17. Qb3 Nb6 18. Nc4 Nxc4 19. Rxc4 Re7 20. Rfc1 Bf5 21. Qb4 Qxb4 22. Rxb4 Be6 23. a4 Bd5 24. a5 a6 25. Rc3 g6 26. f4 exf3 27. Bxf3 Rd8 28. Kf2 f5 29. Bxd5+ Rxd5 30. Rc5 Rdd7 31. Kf3 Kg7 32. g4 fxg4+ 33. hxg4 h6 34. Rbc4 Re6 35. e4 Rf7+ 36. Ke3 Ref6 37. d5 cxd5 38. exd5 b6 39. Rc6 bxa5 40. Rxf6 Kxf6 41. Kf4 Rb7 42. Rc6+ Kf7 43. Rxa6 Rxb2 44. Rxa5 Re2 45. Ra7+ Kf6 46. Ra6+ Kf7 47. Rc6 Re1 48. Rc7+ Kf6 49. Rc6+ Kf7 50. Rb6 Re2 51. g5 hxg5+ 52. Kxg5 Re5+ 53. Kg4 Rxd5 54. Rc6 Kg7 55. Re6 Kh6 56. Re8 Rd4+ 57. Kg3 Kh5 58. Re5+ g5 59. Re8 Rd3+ 60. Kg2 Kh4 61. Re4+ g4 62. Rf4 Rd2+ 63. Rf2 Rxf2+ 64. Kxf2 Kh3 65. Kg1 Kg3 66. Kh1 Kf2 67. Kh2 g3+ 0-1